000 01679nam a2200433 a 4500
001 000000752
003 DO-SdBNP
005 20170918101716.0
007 000000752
008 090429s2003 dr abc 000 0 spa d
020 _a9993488518
040 _aBPMSU
_bspa
_cBPMSU
092 _aR972.93
_bD446r, 2003
100 1 _aDeschamps, Enrique
_d1872-1933
245 1 3 _aLa República Dominicana :
_bdirectorio y guía general /
_cEnrique Deschamps ; presentación Mariano Mella.
250 _a3a ed. facsím.
260 _aSanto Domingo :
_bSociedad Dominicana de Bibliófilos,
_c2003.
300 _a336,[118] p. :
_bil., mapa., retrs. ;
_c24 cm.
490 0 _aClásicos Bibliófilos
500 _aIncluye partitura del Himno Nacional Dominicano
500 _aIncluye en anexo mapa de la isla de Santo Domingo y Haití.
533 _aFacsím.
_bBarcelona, España
_d1907
650 4 _aREPÚBLICA DOMINICANA
_xVIDA SOCIAL Y COSTUMBRES
650 4 _aMASONERÍA
_zREPÚBLICA DOMINICANA
651 4 _aREPÚBLICA DOMINICANA
_xHISTORIA
651 4 _aREPÚBLICA DOMINICANA
_vDIRECTORIOS
651 4 _aREPÚBLICA DOMINICANA
_xDESCRIPCIONES Y VIAJES
651 4 _aREPÚBLICA DOMINICANA
_xCONDICIONES ECONÓMICAS
_xHISTORIA
651 4 _aREPÚBLICA DOMINICANA
_xCONDICIONES SOCIALES
_xHISTORIA
700 1 2 _aMella, Mariano
910 _aValidado. Control de calidad BNPHU
930 1 _lBND01
_mLF1
_820090825
_f02
_pHD
942 _2ddc
_cBK
945 _aInventariado, 2017/MFF
956 _aARIVERA
_b10
_c20100210
_lBND01
_h1434
956 _aMMOLINA
_b40
_c20110418
_lBND01
_h0927
956 _aMFILETO
_b40
_c20140701
_lBND01
_h0945
956 _aVMATEO
_b10
_c20150712
_lBPMSU
_h00151
999 _c7708
_d7708